000 00488nam a2200169Ia 4500
005 20250508155348.0
008 008 250505s9999 xx 000 0 hin d
037 _aBooks to be hide in OPAC
040 _aFEDL
_beng
_cFEDL
041 _ahin
_2hin
084 _a954.56, DEL/O
_qFEDL
245 0 _aBharat ki rajdhani Delhi
260 _aCalcutta, India
_bMacmillan and Company Limited
_c1948
300 _a20p.
942 _cHB
_h954.56, DEL/O
999 _c1356294
_d1356294